<?xml version="1.0" encoding="UTF-8"?>
<marc:record xmlns:marc="http://www.loc.gov/MARC21/slim">
   <marc:leader>00000nam a2200000 a 4500</marc:leader>
   <marc:datafield ind1="1" ind2=" " tag="100">
      <marc:subfield code="a">Osborne, Mary Pope ::[VerfasserIn]::</marc:subfield>
      <marc:subfield code="4">aut</marc:subfield>
      <marc:subfield code="e">Verfasser/-in</marc:subfield>
   </marc:datafield>
   <marc:datafield ind1=" " ind2=" " tag="653">
      <marc:subfield code="a">Magie</marc:subfield>
   </marc:datafield>
   <marc:datafield ind1=" " ind2=" " tag="653">
      <marc:subfield code="a">Tiefsee</marc:subfield>
   </marc:datafield>
   <marc:datafield ind1=" " ind2=" " tag="653">
      <marc:subfield code="a">19. Jahrhundert</marc:subfield>
   </marc:datafield>
   <marc:datafield ind1="0" ind2="0" tag="245">
      <marc:subfield code="a">Das magische Baumhaus; Das Ungeheuer vom Meeresgrund</marc:subfield>
   </marc:datafield>
   <marc:datafield ind1=" " ind2="1" tag="264">
      <marc:subfield code="b">Loewe</marc:subfield>
      <marc:subfield code="c">2009</marc:subfield>
   </marc:datafield>
   <marc:datafield ind1="1" ind2=" " tag="490">
      <marc:subfield code="a">Das magische Baumhaus</marc:subfield>
   </marc:datafield>
   <marc:datafield ind1="1" ind2=" " tag="520">
      <marc:subfield code="a">Nachdem Anne und Philipp das 2. Geheimnis des Glücklichseins entdeckt haben (vgl. "Der geheime Flug des Leonardo", BA 8/08), gelangen sie nun ins 19. Jahrhundert. Das Forschungsschiff HMS Challenger ist unterwegs, um u.a. die Tiefsee zu erforschen. Während eines Sturmes werden die Kinder über Bord gespült, aber von einem freundlichen Riesenkraken gerettet. Diesem wollen die Erwachsenen leider ans Leben, sowohl im Namen der Wissenschaft, als auch aus Angst vor dem Tiefseemonster. Anne und Philipp gelingt die Rettung und sie erfahren auch das 3. Glücksgeheimnis: Mitgefühl für alle Lebewesen haben. Diese Episode ist nicht besonders überzeugend erzählt, wirkt eher etwas bemüht. Das wird die zahlreichen Fans aber nicht weiter stören. Außerdem ist der Band im Rahmen der Unterserie ums "Glücklichsein" unverzichtbar. Deshalb anschaffen. . - An Bord eines Forschungsschiffes im 19. Jahrhundert müssen Anne und Philipp alles versuchen, um den freundlichen Riesenkraken zu retten. Dabei erfahren sie ein weiteres Geheimnis des Glücklichseins. Ab 8.</marc:subfield>
   </marc:datafield>
   <marc:datafield ind1=" " ind2=" " tag="020">
      <marc:subfield code="a">9783785563229</marc:subfield>
      <marc:subfield code="9">9783785563229</marc:subfield>
   </marc:datafield>
</marc:record>
